000 00900nmm a2200289 a 4500
001 ocm0001411483
003 TR-IsHL
005 20201028163554.0
008 160220s2013 tu tur
007 cr cn
020 _a9786054399239
035 _a1411483
_b(N$T)
050 0 4 _aBH81
_b.T56 2013
090 0 4 _aBH81
_b.T56 2013
100 1 _aTimuroğlu, Vecihi
245 1 0 _aEstetik
_h[electronic resource] /
_cVecihi Timuroğlu
260 _aİstanbul :
_bBerfin Yayınları,
_c2013
300 _a529 p.
650 4 _aFelsefe, Psikoloji ve Din
650 4 _aPhilosophy, Psychology and Religion
650 0 _aEstetik
_x Tarih
650 0 _aAesthetics
_x History
650 0 _aSanat
_x Felsefe
650 0 _aArt
_x Philosophy
650 7 _aPHILOSOPHY / Aesthetics
_2bisacsh
856 4 0 _uhttp://search.ebscohost.com/login.aspx?direct=true&scope=site&db=e011xww&AN=1411483
999 _c15386
_d15386